Words with Multiple Pronunciations #1 - Statistics

General Stats
  • This quiz has been taken 2,798 times
  • The average score is 11 of 20
Answer Stats
Definition 1 Answer Definition 2 % Correct
Rip up Tear Eye fluid
93%
Arid place Desert To abandon
87%
Give a talk Present A gift
86%
Unit of time Minute Very small
81%
To shut down Close Near
77%
Acts, performs Does Female deers
77%
Important, eminent August Month of the year
64%
Place for waste Sewer One who stitches
60%
Metallic element Lead To show the way
54%
Blustery Windy Curving, twisting
54%
LP, eg. Record To write down
53%
To say no to Refuse Garbage
49%
Jumped off Dove Sign of peace
47%
To shine Polish European language
44%
Prisoner Convict To find guilty
37%
Argument Row A line of items
37%
To injure Wound Coiled up
25%
Non-binding; false Invalid A sick person
24%
Topic, issue Subject Force to undergo
22%
Instrument panel Console To comfort
18%
No matching quizzes found
Score Distribution
Percent of People with Each Score
Percentile by Number Answered
Your Score History
You have not taken this quiz